World's Busiest Cargo Airports - Statistics

General Stats
  • This quiz has been taken 320 times
  • The average score is 19 of 30
Answer Stats
# City % Correct
1.52M London
91%
1.75M Los Angeles
87%
1.3M New York
87%
2.13M Shanghai
87%
1.84M Beijing
85%
2.07M Paris
85%
4.17M Hong Kong
83%
954K Tokyo (Haneda)
83%
2.02M Tokyo (Narita)
83%
2.44M Dubai
78%
2.09M Frankfurt
77%
1.89M Singapore
74%
2.46M Seoul
72%
1.23M Chicago
67%
1.57M Amsterdam
66%
1.95M Miami
66%
1.31M Guangzhou
65%
4.14M Memphis
59%
1.24M Bangkok
58%
2.42M Anchorage
56%
883K Doha
53%
1.57M Taipei
53%
682K Osaka
51%
713K Kuala Lumpur
49%
913K Shenzhen
45%
712K Abu Dhabi
42%
2.22M Louisville
40%
878K Leipzig
23%
717K Cologne
21%
991K Indianapolis
12%
No matching quizzes found
Score Distribution
Percent of People with Each Score
Percentile by Number Answered
Your Score History
You have not taken this quiz